Racing Club de Ferrol Squad 2024-2025 - Statistics

General Stats
  • This quiz has been taken 20 times
    13 since last reset
  • The average score is 24 of 31
Answer Stats
# Position Nation Player % Correct
8 MF Spain Álex López
100%
18 DF Spain Brais Martínez
100%
5 DF Brazil Naldo
100%
- Coach Spain Alejandro Menéndez
83%
4 DF Serbia Aleksa Purić
83%
12 FW Cape Verde Bebé
83%
7 FW Spain Christian Borrego
83%
15 DF Spain David Castro
83%
12 DF Argentina Emanuel Insúa
83%
9 FW Spain Eneko Jauregi
83%
23 DF Uruguay Erick Cabaco
83%
8 FW Spain Héber Pena
83%
25 GK Spain Jesús Ruiz
83%
10 MF Spain Josep Señé
83%
17 FW Spain Josué Dorrio
83%
11 FW Spain Nacho Sánchez
83%
2 FW Spain Naim García
83%
21 MF Spain Raúl Blanco
83%
13 GK Spain Yoel Rodríguez
83%
14 MF Spain Aitor Gelardo
67%
20 FW Spain Álvaro Giménez
67%
- Coach Spain Cristóbal Parralo
67%
16 MF Spain Fran Manzanara
67%
2 DF Spain Julián Delmás
67%
24 MF Spain Luis Perea
67%
19 FW Spain Manu Vallejo
67%
21 DF Spain Moi Delgado
67%
3 DF Spain Rober Correa
67%
22 DF Spain Aitor Buñuel
50%
6 MF Spain Álvaro Sanz
50%
1 GK Spain Emilio Bernad
50%
No matching quizzes found
Score Distribution
Percent of People with Each Score
Percentile by Number Answered
Your Score History
You have not taken this quiz since the last reset